00256nam a2200121Ia 45000030006000000080041000060400015000471000013000622450021000752600009000965460012001050050017001170STCL150530s9999 xx 000 0 und d aSTCLcSTCL aIe Carre aTailor of panama c1987 aEnglish20220125171344.0